A gyermek járványos sárgasága

Bibliographic Details
Main Author: Novák, Artur, 1916-1995 (Author)
Other Authors: Terebessy, Karol, 1910-1985 (Translator)
Format: Book
Language:Hungarian
Slovak
PhysicalDescription:77, [1] s. V. 12°
Published: Bratislava Výskumný ústav zdravotníckej osvety 1955
Series:Tanácsok a betegeknek
Subjects:

MARC

LEADER 00000cam a2200000 a 4500
001 vtls008387845
003 SK-MaSNL
005 20260302004106.0
008 230403s1955 xo 000 0 hun
015 |a SKSNBA19451955-008273 
035 |a SK01SNKBKSFS20020080062 
035 |a urn:nbn:sk:snk-am3hgud 
035 |a DBF21B1E-32D4-4CD9-A90B-47D6462F958E 
035 |a urn:nbn:sk:snk-am00czuj 
035 |a SKM000082525 
040 |a SNK  |b slo  |c SNK  |e AACR2 
041 1 |a hun  |h slo 
044 |a xo  |c SK 
080 |a 616.9  |2 1981 
080 |a 614.4  |2 1981 
080 |a 616.36-008.5  |2 2001 
080 |a 316.346.32-053.2  |2 2011 
080 |a 616-08  |2 2011 
080 |a (035)  |2 2011 
100 1 |a Novák, Artur,  |d 1916-1995  |4 aut  |9 203800 
245 1 0 |a A gyermek járványos sárgasága  |c Novák Artur ; (szlovákból ford. Terebessy Károly) 
260 |a Bratislava  |b Výskumný ústav zdravotníckej osvety  |c 1955  |e Prešov  |f Dukelské tlačiarne 
300 |a 77, [1] s.  |c V. 12° 
490 1 |a Tanácsok a betegeknek  |v 6. köt. 
500 |a 5.000 výtlač. 
650 0 7 |a infekčné choroby  |2 SNKPH  |9 859 
650 0 7 |a ikterus  |2 SNKPH  |9 93492 
650 0 7 |a deti  |2 SNKPH  |9 773 
650 0 7 |a prevencia  |2 SNK  |9 276631 
650 0 7 |a terapia  |2 SNKPH  |9 781 
655 7 |a príručky  |2 SNKPH  |9 74364 
700 1 |a Terebessy, Karol,  |d 1910-1985  |4 trl  |9 182089 
830 0 |a Tanácsok a betegeknek  |9 470509 
852 |a Slovenská národná knižnica 
954 |a odborná, vedecká literatúra pôvodná (slovenská)  |2 lita 
958 |a OND 
958 |a RK 
958 |a TL 
958 |a MI 
958 |a OP 
958 |a HU 
958 |a EUIPO 
999 |c 994575  |d 996505 
952 |a SNK  |b SNK  |y PREZ  |7 0  |p 17A0733276  |o snkSE 1269  |i snkKSP 1733/56  |0 0  |1 0  |4 0  |d 2017-11-21  |f 1  |l 0  |r 2026-02-24 12:00:11  |w 2026-02-24 
952 |a SNK  |b SNK  |y VYP  |7 0  |p 17A1188814  |o snkSE 1269 D1  |i snkKSP 1734/56  |0 0  |1 0  |4 0  |d 2017-12-12  |l 0  |r 2026-02-24 12:00:11  |w 2026-02-24